000 00644nam a22002057a 4500
999 _c65541
_d65541
005 20240530110830.0
008 190903s2007 ua a g b 000 0 ara d
017 _bمصر. دار الكتب
040 _aEG-CaGPL
_cEG-CaGPL
082 0 4 _221
_a801.95 \
_bص إ
100 0 _aصلاح فضل
245 1 0 _aانتاج الدلالة الادبية /
_cصلاح فضل
250 _aط.1
260 _aالقاهرة :
_bمؤسسة مختار للنشر والتوزيع،
300 _a325 ص. ؛
_c20 سم.
650 0 7 _2qrmak
_aاللغة العربية
650 0 7 _aالمسرحيات
_2qrmak
651 _2qrmak
942 _2ddc
_cBK